[Event "Madrid ch 2009/10 Semifinal B"]
[Site "Madrid ESP"]
[Date "2010.01.09"]
[Round "2.4"]
[White "Gemy, Jose Daniel"]
[Black "Prieto Honorato, Juan Maria"]
[Result "1-0"]
[WhiteElo "2214"]
[BlackElo "2098"]
[PlyCount "111"]
[EventDate "2010.01.08"]
[EventType "swiss"]
[EventRounds "9"]
[EventCountry "ESP"]
[Source "lmi"]
[SourceDate "2010.01.08"]

1. d4 g6 2. Nf3 Bg7 3. e4 c6 4. c4 d5 5. e5 Nh6 6. h3 O-O 7. Nc3 f6 8. cxd5
cxd5 9. exf6 exf6 10. Qb3 Nc6 11. Qxd5+ Nf7 12. Be3 Qb6 13. Qb5 Nb4 14. Qxb6
axb6 15. Kd2 Be6 16. a3 Rfd8 17. Rc1 Nc6 18. Nb5 Rac8 19. Bd3 f5 20. Rc3 Rd7
21. Rhc1 Rcd8 22. Bc4 Bxc4 23. Rxc4 Nfe5 24. Nxe5 Bxe5 25. Ke2 f4 26. dxe5 fxe3
27. Kxe3 Rd5 28. Nc3 Rxe5+ 29. Re4 Rf5 30. g4 Rf7 31. Na4 Rfd7 32. Rc3 Rd5 33.
Nxb6 Rb5 34. Nc4 Rbd5 35. f4 Rd1 36. Kf2 Rh1 37. Kg3 Rdd1 38. Ne5 Ne7 39. Nf3
Nd5 40. Rc8+ Kg7 41. Rd8 b5 42. Rd7+ Kf8 43. Re5 Nf6 44. Rxd1 Rxd1 45. Rxb5 Rd3
46. Kf2 Nd5 47. f5 Nf4 48. Rb8+ Kg7 49. Rb7+ Kg8 50. Ng5 h6 51. Nf7 Rxh3 52.
Ne5 gxf5 53. gxf5 Rh5 54. Ng4 Nh3+ 55. Ke3 Ng5 56. Nf6+ 1-0

[Event "Madrid ch 2009/10 Semifinal B"]
[Site "Madrid ESP"]
[Date "2010.01.09"]
[Round "2.5"]
[White "Baigorri Navarro, Fco. Javier"]
[Black "Cabanas Bravo, Juan Andres"]
[Result "1/2-1/2"]
[WhiteElo "2175"]
[BlackElo "2059"]
[PlyCount "82"]
[EventDate "2010.01.08"]
[EventType "swiss"]
[EventRounds "9"]
[EventCountry "ESP"]
[Source "lmi"]
[SourceDate "2010.01.08"]

1. d4 Nf6 2. c4 g6 3. Nc3 d5 4. Nf3 Bg7 5. cxd5 Nxd5 6. e4 Nxc3 7. bxc3 c5 8.
Be3 Qa5 9. Qd2 Nc6 10. Rc1 cxd4 11. cxd4 Qxd2+ 12. Kxd2 O-O 13. Rc4 Rd8 14. Bd3
Bg4 15. Rb1 Bxf3 16. gxf3 Rd7 17. d5 Ne5 18. Rcb4 b6 19. Bb5 Rc7 20. f4 Ng4 21.
Bc6 Rd8 22. Ke2 e6 23. Rc1 Nxe3 24. fxe3 exd5 25. exd5 Rxd5 26. Bxd5 Rxc1 27.
Rc4 Rxc4 28. Bxc4 h6 29. Kd3 g5 30. fxg5 hxg5 31. Ke4 Bf8 32. Kf5 Be7 33. e4
Kg7 34. h3 f6 35. Ke6 Bc5 36. a4 a5 37. e5 fxe5 38. Kxe5 Kg6 39. Be2 Kf7 40.
Kd5 Kf6 41. Kc6 Ke5 1/2-1/2

[Event "Madrid ch 2009/10 Semifinal B"]
[Site "Madrid ESP"]
[Date "2010.01.09"]
[Round "2.6"]
[White "Sotnikov, Taras"]
[Black "Montanes Arribas, Adrian"]
[Result "0-1"]
[WhiteElo "2005"]
[BlackElo "2158"]
[PlyCount "118"]
[EventDate "2010.01.08"]
[EventType "swiss"]
[EventRounds "9"]
[EventCountry "ESP"]
[Source "lmi"]
[SourceDate "2010.01.08"]

1. e4 c5 2. c3 Nf6 3. e5 Nd5 4. d4 cxd4 5. Nf3 Nc6 6. cxd4 d6 7. Bc4 Nb6 8. Bb5
dxe5 9. Nxe5 Bd7 10. Nxd7 Qxd7 11. Nc3 e6 12. O-O a6 13. Bxc6 Qxc6 14. Bg5 Bb4
15. Rc1 h6 16. Bf4 Bxc3 17. Qg4 Qe4 18. bxc3 g5 19. Rb1 Nd5 20. g3 Nf6 21. Qh3
gxf4 22. Rfe1 Qg6 23. Rxb7 O-O 24. Qh4 Qg5 25. Qh3 Rab8 26. Ra7 Ra8 27. Rb7
Rac8 28. Ra7 Rxc3 29. Rxa6 f3 30. Rb6 Rc1 31. Rb1 Rxb1 32. Rxb1 Rc8 33. Qf1 Qd2
34. a4 Qxd4 35. a5 Qc4 36. Qd1 Qe2 37. Qd4 Qe4 38. Qb2 Qc2 39. Qa1 Ne4 40. Rf1
Nd2 41. Re1 Nb3 42. Qa3 Qc3 43. Rd1 Nxa5 44. Qd6 Nb3 45. h4 Qf6 46. Qb4 Nc1 47.
Kh2 Ne2 48. Rb1 Qd4 49. Qe1 Rc2 50. Rd1 Qc4 51. Kh3 Rc1 52. Rxc1 Qxc1 53. Qa5
Qc3 54. Qa8+ Kg7 55. Qe4 Qd4 56. Qb7 Qxf2 57. Qc7 Qg2+ 58. Kg4 h5+ 59. Kxh5
Qxg3 0-1

[Event "Madrid ch 2009/10 Semifinal B"]
[Site "Madrid ESP"]
[Date "2010.01.09"]
[Round "2.7"]
[White "Vazquez Torres, Adrian"]
[Black "Cardena Contreras, Javier"]
[Result "1-0"]
[WhiteElo "2139"]
[BlackElo "1899"]
[PlyCount "63"]
[EventDate "2010.01.08"]
[EventType "swiss"]
[EventRounds "9"]
[EventCountry "ESP"]
[Source "lmi"]
[SourceDate "2010.01.08"]

1. e4 e6 2. d4 d5 3. Nc3 Bb4 4. e5 c5 5. Nf3 Nc6 6. a3 Bxc3+ 7. bxc3 Qc7 8. Be2
Nge7 9. O-O Bd7 10. a4 f6 11. Ba3 fxe5 12. Bxc5 e4 13. Nd2 O-O 14. c4 b6 15.
Ba3 Rf6 16. cxd5 exd5 17. Nxe4 dxe4 18. d5 Qe5 19. dxc6 Bxc6 20. Bb5 Nd5 21.
Bxc6 Rxc6 22. Bb2 Qg5 23. Ra3 e3 24. fxe3 Nxe3 25. Qf3 Nxf1 26. Qxc6 Rf8 27.
Qc4+ Kh8 28. Rf3 Rd8 29. Qxf1 Qc5+ 30. Kh1 Qb4 31. Bxg7+ Kxg7 32. Rg3+ 1-0

[Event "Madrid ch 2009/10 Semifinal B"]
[Site "Madrid ESP"]
[Date "2010.01.09"]
[Round "2.9"]
[White "Collado Barbas, Laura"]
[Black "Martinez De Miguel, Pedro"]
[Result "0-1"]
[WhiteElo "2096"]
[BlackElo "2144"]
[PlyCount "104"]
[EventDate "2010.01.08"]
[EventType "swiss"]
[EventRounds "9"]
[EventCountry "ESP"]
[Source "lmi"]
[SourceDate "2010.01.08"]

1. d4 Nf6 2. c4 g6 3. Nc3 Bg7 4. Nf3 d6 5. e4 O-O 6. Be3 c6 7. Be2 e5 8. O-O
Qe7 9. Qc2 Na6 10. d5 Ng4 11. Bg5 f6 12. Bh4 g5 13. Bg3 f5 14. exf5 Bxf5 15.
Qd2 Bf6 16. h3 Nh6 17. Rfe1 Rad8 18. Bd3 Bxd3 19. Qxd3 Nc5 20. Qc2 a5 21. a3
Bg7 22. Ne4 Nxe4 23. Qxe4 c5 24. a4 Nf5 25. Rad1 Qf6 26. Re2 Rde8 27. Rde1 Qg6
28. Kh1 h5 29. h4 g4 30. Ng5 Bf6 31. Ne6 Rf7 32. Qc2 Bxh4 33. Bxh4 Nxh4 34. Qd2
Nf5 35. Qxa5 Qf6 36. Kg1 Qh4 37. g3 Qf6 38. Qd2 Rxe6 39. dxe6 Qxe6 40. Qg5+ Rg7
41. Qd8+ Kh7 42. Rc1 Nd4 43. Re3 Rf7 44. Kg2 Qf5 45. Rf1 Nc2 46. Rc3 Ne1+ 47.
Kg1 Qe4 48. f3 Qd4+ 49. Kh1 Qd2 50. Rxe1 Qxe1+ 51. Kh2 Qf2+ 52. Kh1 gxf3 0-1

[Event "Madrid ch 2009/10 Semifinal B"]
[Site "Madrid ESP"]
[Date "2010.01.09"]
[Round "2.10"]
[White "Nieto de la Cruz, Julio"]
[Black "Morona Minguez, Irene"]
[Result "1-0"]
[WhiteElo "2131"]
[BlackElo "1867"]
[PlyCount "99"]
[EventDate "2010.01.08"]
[EventType "swiss"]
[EventRounds "9"]
[EventCountry "ESP"]
[Source "lmi"]
[SourceDate "2010.01.08"]

1. d4 Nf6 2. c4 g6 3. Nc3 Bg7 4. e4 d6 5. f4 O-O 6. Nf3 Na6 7. e5 Nd7 8. Be2 c5
9. exd6 exd6 10. O-O Nb6 11. d5 Bg4 12. Bd3 Bxf3 13. Qxf3 f5 14. a3 Qf6 15. Be3
Rfe8 16. Rae1 Re7 17. Bf2 Rae8 18. Rxe7 Rxe7 19. g4 Nc7 20. Kh1 Kh8 21. Rg1
fxg4 22. Rxg4 Rf7 23. Ne4 Qxb2 24. Nxd6 Re7 25. Ne4 Na6 26. f5 Nxc4 27. f6 Rf7
28. fxg7+ Kxg7 29. Qe2 Qxe2 30. Bxe2 Nxa3 31. Bxa6 bxa6 32. Bxc5 Nb5 33. Rg1
Nc7 34. Rd1 Rd7 35. d6 Ne6 36. Bd4+ Nxd4 37. Rxd4 Kf7 38. Nc5 Rd8 39. d7 Ke7
40. Re4+ Kf7 41. Kg2 a5 42. Kf3 a4 43. Rxa4 a5 44. Rf4+ Ke7 45. Re4+ Kf7 46.
Ke3 a4 47. Rxa4 g5 48. Re4 h5 49. Kd4 h4 50. Kd5 1-0

[Event "Madrid ch 2009/10 Semifinal B"]
[Site "Madrid ESP"]
[Date "2010.01.09"]
[Round "2.11"]
[White "Garcia Serrano, Jose Manuel"]
[Black "Sanchez Millan, Eduardo"]
[Result "1/2-1/2"]
[WhiteElo "1921"]
[BlackElo "1978"]
[PlyCount "121"]
[EventDate "2010.01.08"]
[EventType "swiss"]
[EventRounds "9"]
[EventCountry "ESP"]
[Source "lmi"]
[SourceDate "2010.01.08"]

1. e4 c5 2. d4 cxd4 3. c3 d6 4. cxd4 g6 5. Bc4 Bg7 6. Nf3 Nf6 7. Nc3 Nc6 8. h3
O-O 9. Qe2 e5 10. dxe5 dxe5 11. O-O Nd4 12. Qd3 Nd7 13. Nxd4 exd4 14. Nd5 Ne5
15. Qb3 Be6 16. Bd2 f5 17. f3 fxe4 18. fxe4 Rxf1+ 19. Bxf1 b6 20. Bf4 Rc8 21.
Kh1 Bf7 22. Rd1 Nd7 23. Bd6 Nc5 24. Bxc5 Rxc5 25. Bc4 Kh8 26. Rf1 Be6 27. a4 h5
28. Qd3 Qh4 29. b3 Be5 30. Qf3 Rc8 31. Nf4 Bxf4 32. Bxe6 Rc6 33. Qxf4 Qxf4 34.
Rxf4 Rxe6 35. e5 Rxe5 36. Rxd4 Re1+ 37. Kh2 Rb1 38. b4 Kg7 39. b5 Rf1 40. Rd7+
Rf7 41. Rxf7+ Kxf7 42. Kg3 Kf6 43. Kf4 g5+ 44. Ke4 h4 45. Kd5 Kf5 46. Kc6 Kf4
47. Kb7 Kg3 48. Kxa7 Kxg2 49. Kxb6 Kxh3 50. Kc7 g4 51. b6 g3 52. b7 g2 53. b8=Q
g1=Q 54. Qb4 Kg3 55. Qd6+ Kh3 56. Qd7+ Kh2 57. Qd2+ Kh3 58. Qd7+ Kg3 59. Qd6+
Kh3 60. Qd7+ Kg3 61. Qd3+ 1/2-1/2

[Event "Madrid ch 2009/10 Semifinal B"]
[Site "Madrid ESP"]
[Date "2010.01.09"]
[Round "2.12"]
[White "Martin Prieto, Oscar"]
[Black "Elissalt Cardenas, Hector"]
[Result "0-1"]
[WhiteElo "1982"]
[BlackElo "2358"]
[PlyCount "60"]
[EventDate "2010.01.08"]
[EventType "swiss"]
[EventRounds "9"]
[EventCountry "ESP"]
[Source "lmi"]
[SourceDate "2010.01.08"]

1. d4 g6 2. c4 Bg7 3. Nc3 f5 4. Bg5 h6 5. Bf4 d6 6. h4 Nc6 7. d5 Ne5 8. e3 c5
9. Bd3 Qa5 10. Nge2 a6 11. Bxe5 dxe5 12. g4 e4 13. Bc2 Be5 14. Kf1 Nf6 15. gxf5
gxf5 16. Rc1 Bd7 17. Nf4 Bxf4 18. exf4 Qc7 19. Qd2 Rg8 20. Bd1 Qd6 21. Qe3 Rc8
22. Rg1 Rxg1+ 23. Kxg1 Kf7 24. Kh1 Rg8 25. b4 b6 26. bxc5 bxc5 27. Rb1 Ng4 28.
Qd2 Qf6 29. Bxg4 Rxg4 30. f3 e3 0-1

[Event "Madrid ch 2009/10 Semifinal B"]
[Site "Madrid ESP"]
[Date "2010.01.09"]
[Round "2.14"]
[White "Mansilla Tolosa, Luis"]
[Black "Cerrato Torrijos, Maria"]
[Result "0-1"]
[WhiteElo "2109"]
[BlackElo "2012"]
[PlyCount "72"]
[EventDate "2010.01.08"]
[EventType "swiss"]
[EventRounds "9"]
[EventCountry "ESP"]
[Source "lmi"]
[SourceDate "2010.01.08"]

1. Nf3 Nf6 2. g3 d5 3. d4 c6 4. Bg2 g6 5. O-O Bg7 6. b3 O-O 7. Bb2 Bf5 8. Nbd2
Na6 9. Nh4 Be6 10. c4 Nc7 11. Qc2 Qd7 12. Rfd1 g5 13. Nhf3 Bf5 14. Qc1 h6 15.
Ne5 Qd8 16. Qc3 Ne6 17. Qf3 Bc2 18. Rdc1 Bh7 19. Qc3 Rc8 20. Qb4 Qb6 21. Qc3
Qd8 22. Bh3 c5 23. e3 cxd4 24. exd4 Nd7 25. Nxf7 Qb6 26. Qe3 Kxf7 27. Re1 Nxd4
28. Bxd7 Rcd8 29. Qxe7+ Kg8 30. c5 Qb4 31. Bxd4 Bxd4 32. Nf3 Bxa1 33. Rxa1 Qc3
34. Qe5 Rxf3 35. Qe6+ Rf7 36. Re1 Rdxd7 0-1

[Event "Madrid ch 2009/10 Semifinal B"]
[Site "Madrid ESP"]
[Date "2010.01.09"]
[Round "2.15"]
[White "Madurga Lopez, Ignacio"]
[Black "Martin Duque, Jesus"]
[Result "1-0"]
[WhiteElo "1913"]
[BlackElo "2060"]
[PlyCount "105"]
[EventDate "2010.01.08"]
[EventType "swiss"]
[EventRounds "9"]
[EventCountry "ESP"]
[Source "lmi"]
[SourceDate "2010.01.08"]

1. e4 e6 2. d4 d5 3. e5 c5 4. c3 Nc6 5. Nf3 Bd7 6. a3 f6 7. Bd3 Qc7 8. O-O
O-O-O 9. Re1 h6 10. Nh4 c4 11. Ng6 cxd3 12. Nxh8 Be8 13. exf6 Nxf6 14. Qxd3 Bd6
15. Ng6 Bxh2+ 16. Kf1 Ne4 17. Nh4 g5 18. Nf3 Bd6 19. Nfd2 Bg6 20. Nxe4 Bxe4 21.
Qh3 Qf7 22. Nd2 Bf5 23. g4 Bg6 24. Nb3 Rf8 25. Be3 h5 26. gxh5 Bf5 27. Qh1 Rh8
28. h6 Qg6 29. Ke2 Rxh6 30. Qg2 Bc2 31. Nc1 Qh5+ 32. Kd2 Qg6 33. Qxg5 Rh2 34.
Qxg6 Bxg6 35. b4 e5 36. Ne2 Kd7 37. Rh1 Rxh1 38. Rxh1 Ke6 39. Rh6 Kf7 40. f3
Bf8 41. Rh1 Bg7 42. Rg1 a6 43. Rg2 b5 44. Rg1 a5 45. f4 exf4 46. Nxf4 Be4 47.
Nh5 Bf6 48. Rf1 Kg6 49. Rxf6+ Kxh5 50. Rxc6 axb4 51. axb4 Bg6 52. Rb6 Be8 53.
Rb8 1-0

[Event "Madrid ch 2009/10 Semifinal B"]
[Site "Madrid ESP"]
[Date "2010.01.09"]
[Round "2.16"]
[White "Rodriguez Vignote, Javier"]
[Black "Gomez Gonzalez, Javier"]
[Result "0-1"]
[WhiteElo "1891"]
[BlackElo "2041"]
[PlyCount "86"]
[EventDate "2010.01.08"]
[EventType "swiss"]
[EventRounds "9"]
[EventCountry "ESP"]
[Source "lmi"]
[SourceDate "2010.01.08"]

1. d4 Nf6 2. c4 e6 3. Nf3 b6 4. a3 Bb7 5. Nc3 d5 6. cxd5 exd5 7. Qa4+ c6 8. Bg5
Be7 9. e3 O-O 10. Bd3 a5 11. Ne5 Nfd7 12. Bxe7 Qxe7 13. Nxd7 Nxd7 14. Qc2 h6
15. Rc1 Qg5 16. O-O f5 17. Ne2 Rae8 18. Nf4 Qf6 19. Nh5 Qf7 20. Be2 g5 21. Ng3
Re6 22. Bh5 Qf6 23. Rfe1 Re7 24. f3 Rg7 25. Qd3 c5 26. b4 f4 27. exf4 gxf4 28.
Nf1 cxd4 29. Qe2 Rg5 30. Qe7 Rg7 31. Qe6+ Qxe6 32. Rxe6 Nf6 33. Bg4 axb4 34.
axb4 Nxg4 35. fxg4 f3 36. gxf3 Rxf3 37. Kg2 Rf4 38. h3 d3 39. Rxb6 h5 40. Kg3
Rc4 41. Rxc4 dxc4 42. Ne3 c3 43. Rd6 c2 0-1

[Event "Madrid ch 2009/10 Semifinal B"]
[Site "Madrid ESP"]
[Date "2010.01.09"]
[Round "2.17"]
[White "Tome Vazquez, Oscar"]
[Black "Vukotic Jovsic, Dragan"]
[Result "1-0"]
[WhiteElo "2022"]
[BlackElo "1984"]
[PlyCount "93"]
[EventDate "2010.01.08"]
[EventType "swiss"]
[EventRounds "9"]
[EventCountry "ESP"]
[Source "lmi"]
[SourceDate "2010.01.08"]

1. d4 Nf6 2. c4 e6 3. Nc3 d5 4. cxd5 exd5 5. Bg5 Be7 6. e3 c6 7. Qc2 Be6 8. Bd3
Nbd7 9. Nge2 O-O 10. O-O Re8 11. Rae1 Rc8 12. f3 h6 13. Bh4 c5 14. Qd2 cxd4 15.
exd4 Ne4 16. Nxe4 Bxh4 17. Nd6 Bxe1 18. Rxe1 Qb6 19. Nxc8 Rxc8 20. Bb1 Nf8 21.
Nf4 Rc4 22. Rd1 a5 23. b3 Rb4 24. Bc2 a4 25. a3 Rxb3 26. Bxb3 Qxb3 27. Qd3 Qxd3
28. Rxd3 Nd7 29. Re3 Nb6 30. Nxe6 fxe6 31. Rxe6 Nc4 32. Re1 Nxa3 33. Ra1 Nc2
34. Rxa4 b5 35. Ra2 Nxd4 36. Rd2 Nc6 37. Rxd5 b4 38. Rb5 Kf7 39. Rb6 Ne5 40.
Rxb4 g5 41. Rb6 h5 42. Kf1 h4 43. Ke2 h3 44. g3 g4 45. Rb3 gxf3+ 46. Rxf3+ Kg6
47. Rf4 1-0

[Event "Madrid ch 2009/10 Semifinal B"]
[Site "Madrid ESP"]
[Date "2010.01.14"]
[Round "3.1"]
[White "Montanes Arribas, Adrian"]
[Black "Serrano Salvador, Eduardo"]
[Result "0-1"]
[WhiteElo "2158"]
[BlackElo "2324"]
[PlyCount "60"]
[EventDate "2010.01.08"]
[EventType "swiss"]
[EventRounds "9"]
[EventCountry "ESP"]
[Source "lmi"]
[SourceDate "2010.01.08"]

1. e4 d6 2. d4 Nf6 3. Nc3 e5 4. Nf3 Nbd7 5. g4 g6 6. g5 Nh5 7. Be3 Bg7 8. Qd2
O-O 9. O-O-O c6 10. h4 f5 11. gxf6 Qxf6 12. Ng5 exd4 13. Qxd4 Qxd4 14. Bxd4 Ne5
15. Be3 h6 16. Nh3 Ng4 17. Bd4 Be5 18. Be2 Nf4 19. Nxf4 Bxf4+ 20. Kb1 c5 21.
Bxg4 Bxg4 22. Be3 Bxd1 23. Rxd1 Bxe3 24. fxe3 Rae8 25. b3 Re6 26. Kb2 a6 27. a4
Rf3 28. Re1 Kf7 29. e5 g5 30. hxg5 hxg5 0-1

[Event "Madrid ch 2009/10 Semifinal B"]
[Site "Madrid ESP"]
[Date "2010.01.14"]
[Round "3.2"]
[White "Vazquez Torres, Adrian"]
[Black "Alcazar Jimenez, Jesus Alberto"]
[Result "0-1"]
[WhiteElo "2139"]
[BlackElo "2249"]
[PlyCount "70"]
[EventDate "2010.01.08"]
[EventType "swiss"]
[EventRounds "9"]
[EventCountry "ESP"]
[Source "lmi"]
[SourceDate "2010.01.08"]

1. e4 e5 2. Nf3 Nc6 3. Bb5 a6 4. Ba4 Nf6 5. O-O b5 6. Bb3 Be7 7. Re1 O-O 8. a4
b4 9. c3 Rb8 10. d4 bxc3 11. bxc3 d6 12. h3 exd4 13. Nxd4 Na5 14. Bc2 g6 15.
Bh6 Re8 16. Nd2 c5 17. N4f3 Nh5 18. e5 d5 19. Rb1 Rxb1 20. Qxb1 Ng7 21. Bxg7
Kxg7 22. Bd3 Qc7 23. c4 dxc4 24. Nxc4 Be6 25. Qc2 Rd8 26. Bf1 Nc6 27. Qc3 Nd4
28. Rb1 Qc6 29. Nfd2 Qxa4 30. Nd6 Qc6 31. Qa5 Qd5 32. N2c4 Nc6 33. Qc7 Rd7 34.
Nb6 Bxd6 35. Qxd7 Qxe5 0-1

[Event "Madrid ch 2009/10 Semifinal B"]
[Site "Madrid ESP"]
[Date "2010.01.14"]
[Round "3.3"]
[White "Fernandez Lledo, Javier"]
[Black "Gemy, Jose Daniel"]
[Result "0-1"]
[WhiteElo "2064"]
[BlackElo "2214"]
[PlyCount "76"]
[EventDate "2010.01.08"]
[EventType "swiss"]
[EventRounds "9"]
[EventCountry "ESP"]
[Source "lmi"]
[SourceDate "2010.01.08"]

1. e4 e6 2. d4 d5 3. Nc3 dxe4 4. Nxe4 Nd7 5. Bd3 Ngf6 6. Nf3 Be7 7. O-O O-O 8.
c4 c5 9. Nxc5 Nxc5 10. dxc5 Bxc5 11. Qc2 h6 12. Bd2 b6 13. b4 Bd6 14. c5 bxc5
15. bxc5 Bxc5 16. Rad1 Qe7 17. Bc3 Bb4 18. Bd4 Bb7 19. Ne5 Rac8 20. Qb2 Bc5 21.
Bb5 Rfd8 22. Rd3 Bxd4 23. Rxd4 Rxd4 24. Qxd4 Qc5 25. Qb2 Qd5 26. Nf3 Nh5 27.
Re1 Nf4 28. Bf1 f6 29. Re3 Qd7 30. Ra3 Qd1 31. Re3 Bxf3 32. gxf3 Kh7 33. Qb3
Rc2 34. Rd3 Nh3+ 35. Kg2 Rxf2+ 36. Kxh3 Qxf1+ 37. Kg3 Qg2+ 38. Kf4 Qg5+ 0-1

[Event "Madrid ch 2009/10 Semifinal B"]
[Site "Madrid ESP"]
[Date "2010.01.14"]
[Round "3.4"]
[White "Martinez De Miguel, Pedro"]
[Black "Baigorri Navarro, Fco. Javier"]
[Result "0-1"]
[WhiteElo "2144"]
[BlackElo "2175"]
[PlyCount "114"]
[EventDate "2010.01.08"]
[EventType "swiss"]
[EventRounds "9"]
[EventCountry "ESP"]
[Source "lmi"]
[SourceDate "2010.01.08"]

1. e4 e6 2. d4 d5 3. Nc3 Nf6 4. Bg5 Bb4 5. e5 h6 6. Bd2 Bxc3 7. Bxc3 Ne4 8. Bb4
c5 9. Bxc5 Nxc5 10. dxc5 Nd7 11. Nf3 Qc7 12. Qd4 Nxc5 13. b4 Na4 14. Bd3 Qc3+
15. Qxc3 Nxc3 16. a4 Bd7 17. b5 Ke7 18. Kd2 Rhc8 19. Ra3 Ne4+ 20. Bxe4 dxe4 21.
Nd4 Rc5 22. Re1 Rxe5 23. Rg3 g5 24. Rc3 Kd8 25. Rb1 Rd5 26. Ke3 e5 27. Nb3 f5
28. Na5 b6 29. Nc6+ Bxc6 30. Rxc6 Rc8 31. Rxc8+ Kxc8 32. Rb4 Rc5 33. Kd2 Rd5+
34. Ke3 g4 35. Rc4+ Kd7 36. Rc6 Rd6 37. Rc4 h5 38. c3 h4 39. Ke2 h3 40. g3 Rd3
41. Rc6 f4 42. gxf4 exf4 43. Rg6 f3+ 44. Ke1 e3 45. fxe3 Rxe3+ 46. Kf1 Re2 47.
Rxg4 Rxh2 48. Rg3 Rh1+ 49. Kf2 h2 50. Rh3 Ra1 51. Rxh2 Ra2+ 52. Kg1 Rxh2 53.
Kxh2 Kd6 54. Kg3 Kc5 55. Kxf3 Kc4 56. a5 bxa5 57. Ke4 a4 0-1

[Event "Madrid ch 2009/10 Semifinal B"]
[Site "Madrid ESP"]
[Date "2010.01.14"]
[Round "3.5"]
[White "Garcia Salamero, Gabriel"]
[Black "Nieto de la Cruz, Julio"]
[Result "0-1"]
[WhiteElo "2155"]
[BlackElo "2131"]
[PlyCount "88"]
[EventDate "2010.01.08"]
[EventType "swiss"]
[EventRounds "9"]
[EventCountry "ESP"]
[Source "lmi"]
[SourceDate "2010.01.08"]

1. e4 c5 2. Nf3 d6 3. d4 Nf6 4. Nc3 cxd4 5. Nxd4 g6 6. g3 Nc6 7. Nde2 b5 8. Bg2
Rb8 9. O-O Bg7 10. Nd5 Nd7 11. c3 O-O 12. Bg5 h6 13. Be3 Bb7 14. Qd2 Kh7 15.
Rac1 Nde5 16. b3 Ng4 17. Bf4 a5 18. h3 Nge5 19. Be3 Nd7 20. Rfd1 Nc5 21. Bxc5
dxc5 22. Qe3 e6 23. Ndf4 Qe7 24. Nd3 c4 25. Nc5 Bc8 26. f4 e5 27. f5 Re8 28.
bxc4 bxc4 29. Rb1 Bf8 30. fxg6+ fxg6 31. Na4 Rxb1 32. Rxb1 Qa3 33. Qf3 Kg7 34.
Nb6 Bc5+ 35. Kh2 Rf8 36. Nxc4 Rxf3 37. Nxa3 Rf2 38. Nc4 Rxe2 39. Rb5 Bf2 40.
Nxe5 Ba6 41. Rd5 Nxe5 42. Rxe5 Re3 43. Re7+ Kf6 44. Re8 Bxg3+ 0-1

[Event "Madrid ch 2009/10 Semifinal B"]
[Site "Madrid ESP"]
[Date "2010.01.14"]
[Round "3.6"]
[White "Cabanas Bravo, Juan Andres"]
[Black "Elissalt Cardenas, Hector"]
[Result "0-1"]
[WhiteElo "2059"]
[BlackElo "2358"]
[PlyCount "62"]
[EventDate "2010.01.08"]
[EventType "swiss"]
[EventRounds "9"]
[EventCountry "ESP"]
[Source "lmi"]
[SourceDate "2010.01.08"]

1. e4 g6 2. d4 Bg7 3. Nc3 c6 4. Bc4 b5 5. Bb3 d6 6. Qf3 e6 7. Nge2 a6 8. Be3
Nd7 9. Nf4 Qe7 10. e5 d5 11. Nd3 a5 12. a3 Ba6 13. h4 b4 14. Bg5 f6 15. exf6
Bxf6 16. axb4 Bxd3 17. Qxd3 Qxb4 18. Be3 Ne7 19. Ra4 Qd6 20. g4 h5 21. g5 Bg7
22. Ne2 O-O 23. Qd2 c5 24. Rxa5 cxd4 25. Bxd4 Bxd4 26. Nxd4 Qe5+ 27. Ne2 Qe4
28. Rh3 Qg2 29. Rxa8 Qxf2+ 30. Kd1 Rxa8 31. Qe3 Ra1+ 0-1

[Event "Madrid ch 2009/10 Semifinal B"]
[Site "Madrid ESP"]
[Date "2010.01.14"]
[Round "3.7"]
[White "Perez de Aranda A., Leonardo I"]
[Black "Cerrato Torrijos, Maria"]
[Result "1-0"]
[WhiteElo "2216"]
[BlackElo "2012"]
[PlyCount "53"]
[EventDate "2010.01.08"]
[EventType "swiss"]
[EventRounds "9"]
[EventCountry "ESP"]
[Source "lmi"]
[SourceDate "2010.01.08"]

1. e4 c5 2. b3 d6 3. Bb2 e5 4. Bb5+ Nd7 5. Nf3 a6 6. Bd3 Ngf6 7. O-O g6 8. a4
Bg7 9. Na3 O-O 10. Re1 Nb8 11. Nc4 Nc6 12. h3 Nh5 13. Bf1 Nf4 14. Ne3 Be6 15.
Bc4 f5 16. d3 Nd4 17. Nxd4 cxd4 18. Bxe6+ Nxe6 19. Nc4 fxe4 20. dxe4 Qh4 21.
Qe2 d5 22. exd5 Nf4 23. Qg4 Qf6 24. Nxe5 Nxh3+ 25. gxh3 Qxf2+ 26. Kh1 Rae8 27.
Bxd4 1-0

[Event "Madrid ch 2009/10 Semifinal B"]
[Site "Madrid ESP"]
[Date "2010.01.14"]
[Round "3.8"]
[White "Sanchez Millan, Eduardo"]
[Black "Ramirez Garcia, Jorge Alberto"]
[Result "0-1"]
[WhiteElo "1978"]
[BlackElo "2176"]
[PlyCount "102"]
[EventDate "2010.01.08"]
[EventType "swiss"]
[EventRounds "9"]
[EventCountry "ESP"]
[Source "lmi"]
[SourceDate "2010.01.08"]

1. d4 d5 2. c4 e6 3. Nc3 Nf6 4. Nf3 c6 5. cxd5 exd5 6. Bg5 h6 7. Bh4 Bf5 8. Rc1
Nbd7 9. Qb3 Qb6 10. e3 Qxb3 11. axb3 g5 12. Bg3 Nh5 13. Be2 Be7 14. Bc7 Ng7 15.
h3 Ne6 16. Bh2 h5 17. O-O f6 18. Rfe1 Kf7 19. e4 dxe4 20. Nd2 Nxd4 21. Bc4+ Ne6
22. Ndxe4 b5 23. Bd3 Bh7 24. b4 Bxb4 25. Bb1 Rhd8 26. Ba2 Ndf8 27. Re3 Kg7 28.
Rf3 Bxc3 29. Nxc3 Nd4 30. Re3 Re8 31. Rce1 Bg6 32. Re7+ Kh6 33. f4 Nf5 34.
fxg5+ fxg5 35. Rxe8 Rxe8 36. Rd1 b4 37. Na4 Re2 38. Bd6 Nh7 39. Bxb4 Re4 40.
Bc3 Rxa4 41. Bb3 Re4 42. Bc2 Re2 43. Bxf5 Bxf5 44. Rd6+ Re6 45. Rd8 a6 46. Kf2
Nf6 47. Bb4 Nd5 48. Bd2 Bg6 49. g4 hxg4 50. hxg4 Bb1 51. Ba5 Re4 0-1

[Event "Madrid ch 2009/10 Semifinal B"]
[Site "Madrid ESP"]
[Date "2010.01.14"]
[Round "3.9"]
[White "Suarez Uriel, Adrian"]
[Black "Sotnikov, Taras"]
[Result "1-0"]
[WhiteElo "2137"]
[BlackElo "2005"]
[PlyCount "47"]
[EventDate "2010.01.08"]
[EventType "swiss"]
[EventRounds "9"]
[EventCountry "ESP"]
[Source "lmi"]
[SourceDate "2010.01.08"]

1. e4 d5 2. exd5 Qxd5 3. Nf3 Bg4 4. Be2 Nf6 5. d4 g6 6. c4 Qd6 7. Nc3 Bg7 8. h3
Bf5 9. O-O a6 10. Ne5 c5 11. Nf3 O-O 12. dxc5 Qxc5 13. Be3 Qb4 14. Nd4 Rd8 15.
Qc1 Bd7 16. Nb3 Nc6 17. Bc5 Bf5 18. Bxb4 Nxb4 19. g4 Be6 20. Nc5 Bc8 21. a3 Nc6
22. Qe3 h5 23. gxh5 gxh5 24. Rad1 1-0

[Event "Madrid ch 2009/10 Semifinal B"]
[Site "Madrid ESP"]
[Date "2010.01.14"]
[Round "3.10"]
[White "Argente Rodriguez, Juan Jose"]
[Black "Garcia Serrano, Jose Manuel"]
[Result "1-0"]
[WhiteElo "2128"]
[BlackElo "1921"]
[PlyCount "81"]
[EventDate "2010.01.08"]
[EventType "swiss"]
[EventRounds "9"]
[EventCountry "ESP"]
[Source "lmi"]
[SourceDate "2010.01.08"]

1. Nf3 d5 2. g3 Nc6 3. d4 Bf5 4. Bg2 Nf6 5. O-O e6 6. c4 Be7 7. b3 O-O 8. Bb2
Ne4 9. Nc3 Bf6 10. e3 Bg4 11. h3 Bh5 12. Ne2 a5 13. Nf4 Bxf3 14. Bxf3 g5 15.
Nd3 Qd6 16. Bxe4 dxe4 17. Nc5 Bg7 18. Nxe4 Qe7 19. Qe2 f5 20. Nd2 f4 21. Qg4 a4
22. Ne4 h6 23. Nc5 a3 24. Bc3 Rf5 25. Nd3 Raf8 26. b4 Qf7 27. Qe2 f3 28. Qd2
Qh5 29. Kh2 g4 30. h4 Bf6 31. Nf4 Rxf4 32. exf4 Bxh4 33. Rh1 Bf6+ 34. Kg1 Qg6
35. Re1 Bxd4 36. Bxd4 Rd8 37. f5 exf5 38. Rxh6 Nxd4 39. Rxg6+ Kf7 40. Qh6 Ne2+
41. Kf1 1-0